The great gatsby / (Record no. 216572)

MARC details
000 -LEADER
fixed length control field 00699nam a22002177a 4500
005 - DATE AND TIME OF LATEST TRANSACTION
control field 20260609152733.0
010 ## - LCCN (DPL NO)
LC control number ENG-148783
020 ## - INTERNATIONAL STANDARD BOOK NUMBER
International Standard Book Number 9788178246932
Terms of availability 795.00
035 ## - SYSTEM CONTROL NUMBER
System control number EN-132315
037 ## - SOURCE OF ACQUISITION
Source of stock number/acquisition DBAD
082 ## - DEWEY DECIMAL CLASSIFICATION NUMBER
Classification number 320.0954
100 ## - MAIN ENTRY--PERSONAL NAME
Personal name Fitzgerald,F. Scott
245 ## - TITLE STATEMENT
Title The great gatsby /
Statement of responsibility, etc by F. Scott,Fitzgerald ; edited by Evangeline Manickam
260 ## - PUBLICATION, DISTRIBUTION, ETC. (IMPRINT)
Date of publication, distribution, etc 2016
Place of publication, distribution, etc New Delhi
Name of publisher, distributor, etc Orient Blackswan
270 ## - ADDRESS
Address 1/24, Asaf Ali Road
City New Delhi
Postal code 110002
300 ## - PHYSICAL DESCRIPTION
Dimensions 22cm(pbk)
Extent vii,195p
490 ## - SERIES STATEMENT
Series statement Orient Blackswan CRITICAL TEXT
500 ## - GENERAL NOTE
General note Includes bibliographical references
700 ## - ADDED ENTRY--PERSONAL NAME
Personal name Manickam, Evangeline
9 (RLIN) 89342
942 ## - ADDED ENTRY ELEMENTS (KOHA)
Item type English Books
Source of classification or shelving scheme Dewey Decimal Classification
Classification part 320.0954
Call number suffix SRI

No items available.


© Delhi Public Library
Hit Counter
free hit counter